Agricultural oral history interview with J.D. Riddle /

Observations of the Texas A&M Agricultural Research and Extension Center at Overton, Tex. by a farm foreman who worked there.

Bibliographic Details
Main Author: Riddle, J. D.
Corporate Authors: Texas Agricultural Experiment Station. Office of Research Historian, Texas A & M University. University Archives
Other Authors: May, Irvin M., 1939-
Format: Manuscript
Language:English
Published: [Place of publication not identified] : [publisher not identified] ; [1978]
Subjects:

MARC

Tag First Indicator Second Indicator Subfields
LEADER 00000ctm a2200000Ia 4500
001 in00002425797
005 20151109170221.0
008 801002s1978 txu 000 0 eng
035 |a (OCoLC)ocm06779313 
035 |a (OCoLC)6779313 
040 |a AGL  |c AGL  |d OCLCQ  |d OCLCG  |d TXA  |d UtOrBLW 
043 |a n-us-tx 
049 |a TXAM 
070 1 |a R  |b S541.5.T4R5 
072 0 |a C210 
072 0 |a A000 
090 |a S541.5.T42  |b O93 1978 
100 1 |a Riddle, J. D. 
245 1 0 |a Agricultural oral history interview with J.D. Riddle /  |c with the direction of Irvin M. May, Jr. 
264 1 |a [Place of publication not identified] :  |b [publisher not identified] ;  |c [1978] 
300 |a 26 leaves ;  |c 28 cm. 
336 |a text  |b txt  |2 rdacontent 
337 |a unmediated  |b n  |2 rdamedia 
338 |a volume  |b nc  |2 rdacarrier 
500 |a Typescript. 
500 |a Cover title. 
500 |a "Texas A&M University Archives, College Station, Texas"--Cover. 
500 |a Interview conducted on July 27, 1978 by Irvin May of the Texas Agricultural Experiment Station's Office of Research Historian. 
520 |a Observations of the Texas A&M Agricultural Research and Extension Center at Overton, Tex. by a farm foreman who worked there. 
650 0 |a Agricultural experiment stations  |z Texas  |z Overton. 
650 0 |a Agricultural extension work  |z Texas  |z Overton. 
650 0 |a Agricultural laborers  |z Texas  |z Overton  |v Interviews. 
650 0 |a Supervisors, Industrial  |z Texas  |z Overton  |v Interviews. 
610 2 0 |a Texas Agricultural Experiment Station  |x History. 
650 3 |a Agricultural Experiment stations  |x Texas. 
650 3 |a Agricultural research  |z Texas. 
700 1 |a May, Irvin M.,  |d 1939- 
710 2 |a Texas Agricultural Experiment Station.  |b Office of Research Historian. 
710 2 |a Texas A & M University.  |b University Archives. 
994 |a C0  |b TXA 
948 |a cataloged  |b h  |c 2008/10/29  |d c  |e jho  |f 3:23:28 pm 
949 |a enhanced  |b h  |c 2008/10/29  |d c  |e jho  |f 3:23:38 pm 
999 |a MARS 
999 f f |s 881d7444-08f1-3f71-a8ed-9617ea62f1a6  |i a00006a1-9b10-30cb-beef-7de428d2848d  |t 0 
952 f f |a Texas A&M University  |b College Station  |c Cushing Memorial Library & Archives  |d Cushing: Archives (Does not check out)  |t 0  |e S541.5.T42 O93 1978  |h Library of Congress classification 
998 f f |a S541.5.T42 O93 1978  |t 0  |l Cushing: Archives (Does not check out)